Practising videojournalism (Record no. 313586)

MARC details
000 -LEADER
fixed length control field 00545nam a22002057a 4500
005 - DATE & TIME
control field 20240123104916.0
008 - FIXED-LENGTH DATA ELEMENTS--GENERAL INFORMATION
fixed length control field 240116b |||||||| |||| 00| 0 eng d
020 ## - ISBN
International Standard Book Number 9780415386661
Price Rs. 395.00
040 ## - CATALOGING SOURCE
Original cataloging agency VIVEKANANDA LIBRARY
082 ## - DDC NUMBER
Classification number 778.59
Book Number M823P
100 ## - MAIN ENTRY--PERSONAL NAME
Personal name Morgan, Vivien
245 ## - TITLE STATEMENT
Title Practising videojournalism
260 ## - PUBLICATION, DISTRIBUTION, ETC. (IMPRINT)
Place of publication, distribution, etc Oxon
Name of publisher, distributor, etc Routledge
Date of publication, distribution, etc 2009
300 ## - PHYSICAL DESCRIPTION
Pages viii, 182
650 ## - Subject
Subject Video Journalism
650 ## - Subject
Subject Video Recordings Production
650 ## - Subject
Subject Digital Video-Editing
650 ## - Subject
Subject Broadcast Journalism
942 ## - ADDED ENTRY ELEMENTS (KOHA)
Koha item type Books
Holdings
Withdrawn status Lost status Source of classification or shelving scheme Damaged status Not for loan Location (home branch) Sublocation or collection (holding branch) Date acquired Koha issues (times borrowed) Koha full call number Accession No. Koha date last seen Koha item type
    Dewey Decimal Classification     VIVEKANANDA LIBRARY VIVEKANANDA LIBRARY 16/01/2024   778.59 M823P 404857 16/01/2024 Books
© Designed and Maintained by Vivekananda Library, MDU Rohtak